| 000 | nam a22 7a 4500 | ||
|---|---|---|---|
| 999 |
_c330340 _d330340 |
||
| 003 | NUST | ||
| 005 | 20170621111404.0 | ||
| 008 | 170621b xxu||||| |||| 00| 0 eng d | ||
| 040 | _c0 | ||
| 082 | _a615.19 NIS | ||
| 245 |
_aControls & Instrumentation (Refrigeration & Air Conditioning Technology) _bTextbook series for diploma of associate engineer (RACT-334) _cNISTE |
||
| 260 |
_aIslamabad _bNISTE, NBF _c2000 |
||
| 300 | _a327p. | ||
| 500 | _aP.B | ||
| 942 |
_2ddc _cBK _kIESE |
||